Introductory Economic Statistics (Record no. 2622)

MARC details
005 - DATE AND TIME OF LATEST TRANSACTION
control field 20250524100852.0
020 ## - INTERNATIONAL STANDARD BOOK NUMBER
International Standard Book Number 0 471 58031 7
082 ## - DEWEY DECIMAL CLASSIFICATION NUMBER
Classification number LECT 519.5 MAY
100 ## - MAIN ENTRY--PERSONAL NAME
Author name MAYES, A. C.
245 ## - TITLE STATEMENT
Title Introductory Economic Statistics
260 ## - PUBLICATION, DISTRIBUTION, ETC.
Place of publication, distribution, etc. London,
Name of publisher, distributor, etc. John Wiley & Sons,
Date of publication, distribution, etc. 1976.
300 ## - PHYSICAL DESCRIPTION
Extent x, 223p.: ill.; figure, table.
Other physical details Index.
Dimensions 22cm.
700 ## - ADDED ENTRY--PERSONAL NAME
Other authors/Editors MAYES, D. G.
942 ## - ADDED ENTRY ELEMENTS (KOHA)
Source of classification or shelving scheme Dewey Decimal Classification
Koha item type Books
Holdings
Date last seen Total checkouts Full call number Barcode Cost, replacement price Price effective from Koha item type Lost status Source of classification or shelving scheme Damaged status Not for loan Withdrawn status Home library Current library Shelving location Date acquired Cost, normal purchase price
05/24/2025   LECT 519.5 MAY 0000009782 30000.00 05/24/2025 Books   Dewey Decimal Classification       College of Business Education Main Library College of Business Education Main Library General Collection 03/09/1977 10000.00